| 000 | 00670nam a2200205 a 4500 | ||
|---|---|---|---|
| 005 | 20240919064549.0 | ||
| 008 | 050311s2001 000 eng d | ||
| 020 | _a9702401690 | ||
| 035 | _aUPN01000139370 | ||
| 049 | _aCG | ||
| 050 | 4 |
_aQH541.2 _bC5.3 |
|
| 245 | 0 | 0 |
_aCiencias del ambiente / _cJuan Manuel Alfaro Barbosa ... [et. al] ; rev. técnica Fulvio Mendoza Rosas. |
| 260 |
_aMéxico : _bCECSA : _bUANL, _cc2001. |
||
| 300 |
_a363 p. : _bil. |
||
| 440 | 0 | _aEstudios generales | |
| 650 | 4 |
_aECOLOGIA - _xESTUDIO Y ENSEÑANZA (SUPERIOR) _9918 |
|
| 650 | 4 |
_aEducación ambiental _94338 |
|
| 650 | 4 |
_aHombre _xInfluencia del medio natural _911552 |
|
| 905 | _aLibro | ||
| 999 |
_c111518 _d111518 |
||